00572nam a2200181 a 45000010010000000030011000100080041000210350026000620820017000881000017001052450065001222600054001876500011002419420012002529520091002649980020003559990015003750000-8527ELIB.Books110520 2007  a(ELIB.Books)0000-8672 aM.A.R. bJoh aJohnson, Saw aThe Twenty First Century Mission of Karen Baptist Convention bInsein: Karen Baptist Theological Seminary c2007 aThesis 2ddccBK 00102ddc4070aKBTSbKBTSd2011-05-20l0p30356r2022-01-22 00:00:00w2022-01-22yBK cbate2011-05-20 c8527d8527